[Event "Paleochora op 7th"]
[Site "Paleochora"]
[Date "2014.07.21"]
[Round "1"]
[White "Swapnil, S Dhopade"]
[Black "Dyrhaug, Sverre S"]
[Result "1-0"]
[WhiteElo "2421"]
[BlackElo "1556"]
[PlyCount "75"]
[EventDate "2014.07.21"]
[EventType "swiss"]
[EventRounds "9"]
[EventCountry "GRE"]
[SourceTitle "CBM 161 Extra"]
[Source "ChessBase"]
[SourceDate "2014.08.29"]
[SourceVersion "1"]
[SourceVersionDate "2014.08.29"]
[SourceQuality "1"]

1. Nf3 d5 2. g3 e6 3. Bg2 Nf6 4. 0-0 Be7 5. c4 b6 6. d4 Bb7 7. cxd5 exd5 8. Nc3 0-0 9. Bf4 c5 10. Ne5 cxd4 11. Qxd4 Bc5 12. Qd2 Re8 13. Nd3 Bd6 14. Bxd6 Qxd6 15. Nf4 Na6 16. Nfxd5 Nxd5 17. Nxd5 Rad8 18. Rfd1 Nc7 19. Nxc7 Qxc7 20. Qf4 Qxf4 21. gxf4 Bxg2 22. Kxg2 f5 23. Kf3 Kf8 24. Rac1 Rxd1 25. Rxd1 Kf7 26. Rd7+ Re7 27. Rxe7+ Kxe7 28. Ke3 Ke6 29. Kd4 Kd6 30. f3 g6 31. h4 h6 32. e4 fxe4 33. fxe4 a6 34. e5+ Kc7 35. Kd5 Kd7 36. e6+ Ke7 37. Ke5 a5 38. a4 1-0

[Event "Fagernes Norsk op-B"]
[Site "Fagernes"]
[Date "2014.04.13"]
[Round "6"]
[White "Dyrhaug, Sverre S"]
[Black "Bakkejord, Odd Vidar"]
[Result "1-0"]
[WhiteElo "1574"]
[BlackElo "1225"]
[PlyCount "77"]
[EventDate "2014.04.13"]
[EventType "swiss"]
[EventRounds "9"]
[EventCountry "NOR"]
[SourceTitle "EXT 2016"]
[Source "ChessBase"]
[SourceDate "2015.10.08"]
[SourceVersion "1"]
[SourceVersionDate "2015.10.08"]
[SourceQuality "1"]

1. e4 c6 2. d4 d5 3. Nc3 dxe4 4. Nxe4 Bf5 5. Ng3 Bg6 6. h4 h5 7. Nf3 Nd7 8. Bd3 Bxd3 9. Qxd3 e6 10. Bf4 Ngf6 11. Ne4 Nxe4 12. Qxe4 Nf6 13. Qe2 Nd5 14. Bg3 Qa5+ 15. Nd2 Nb4 16. Nb3 Nxc2+ 17. Kd1 Nxd4 18. Nxa5 Nxe2 19. Kxe2 0-0-0 20. Rad1 Bb4 21. Nc4 Rxd1 22. Rxd1 Rd8 23. Bd6 Bxd6 24. Nxd6+ Kc7 25. Nxf7 Rxd1 26. Kxd1 Kd7 27. Kd2 Ke7 28. Ng5 Kf6 29. Ke3 Kf5 30. Nf7 b6 31. Nd6+ Ke5 32. Nc8 Kd5 33. Nxa7 b5 34. Kf4 b4 35. Kg5 c5 36. Kxh5 c4 37. Nb5 Kc5 38. a4 b3 39. Kg6 1-0

[Event "Fagernes Norsk op-B"]
[Site "Fagernes"]
[Date "2014.04.13"]
[Round "1"]
[White "Machlik, Monika"]
[Black "Dyrhaug, Sverre S"]
[Result "1-0"]
[WhiteElo "1976"]
[BlackElo "1574"]
[PlyCount "79"]
[EventDate "2014.04.13"]
[EventType "swiss"]
[EventRounds "9"]
[EventCountry "NOR"]
[SourceTitle "EXT 2016"]
[Source "ChessBase"]
[SourceDate "2015.10.08"]
[SourceVersion "1"]
[SourceVersionDate "2015.10.08"]
[SourceQuality "1"]

1. d4 Nf6 2. c4 e6 3. Nc3 d5 4. cxd5 Nxd5 5. e4 Nxc3 6. bxc3 Be7 7. Nf3 0-0 8. Bd3 b6 9. 0-0 Bb7 10. Re1 c5 11. Be3 Nd7 12. e5 cxd4 13. cxd4 Bb4 14. Rf1 Kh8 15. Ng5 g6 16. Ne4 Rc8 17. Bg5 Qe8 18. Nf6 Nxf6 19. Bxf6+ Kg8 20. Qg4 Be7 21. Rae1 Qd7 22. Re3 Rfd8 23. Bb5 Bc6 24. Bxc6 Rxc6 25. Rd3 Rc4 26. Qh4 Bxf6 27. exf6 h5 28. Qg5 Qe8 29. Rfd1 Rd5 30. Qh4 e5 31. Re1 e4 32. f3 Rdxd4 33. Rxd4 Rxd4 34. fxe4 Qe6 35. Qf4 Qc8 36. Qe5 Rd2 37. Kh1 Rxa2 38. Qe7 b5 39. Rd1 Qf8 40. Qxf8+ 1-0

[Event "Fagernes Norsk op-B"]
[Site "Fagernes"]
[Date "2014.04.13"]
[Round "3"]
[White "Maloberti, David"]
[Black "Dyrhaug, Sverre S"]
[Result "1-0"]
[WhiteElo "2048"]
[BlackElo "1574"]
[PlyCount "49"]
[EventDate "2014.04.13"]
[EventType "swiss"]
[EventRounds "9"]
[EventCountry "NOR"]
[SourceTitle "EXT 2016"]
[Source "ChessBase"]
[SourceDate "2015.10.08"]
[SourceVersion "1"]
[SourceVersionDate "2015.10.08"]
[SourceQuality "1"]

1. d4 Nf6 2. c4 e6 3. Nc3 d5 4. Bg5 Be7 5. e3 0-0 6. Qb3 dxc4 7. Bxc4 b6 8. Nf3 Bb7 9. Ne5 Ba6 10. Bxa6 Nxa6 11. Nc6 Qd7 12. Nxe7+ Qxe7 13. a3 h6 14. Bh4 g5 15. Bg3 Nh5 16. Qc4 Nxg3 17. hxg3 Nb8 18. Rxh6 Kg7 19. Rh5 Rh8 20. Rxh8 Kxh8 21. 0-0-0 Qd7 22. d5 e5 23. Qe4 f6 24. Rh1+ Kg8 25. Qg6+ 1-0

[Event "NOR-ch Class3"]
[Site "Lillehammer"]
[Date "2013.06.29"]
[Round "6"]
[White "Jakobsen, Oivind"]
[Black "Dyrhaug, Sverre S"]
[Result "1/2-1/2"]
[WhiteElo "1368"]
[BlackElo "1335"]
[PlyCount "43"]
[EventDate "2013.06.29"]
[EventType "swiss"]
[EventRounds "9"]
[EventCountry "NOR"]
[SourceTitle "EXT 2017"]
[Source "ChessBase"]
[SourceDate "2016.10.25"]
[SourceVersion "1"]
[SourceVersionDate "2016.10.25"]
[SourceQuality "1"]

1. d4 Nf6 2. c4 e6 3. Nc3 Bb4 4. Bg5 b6 5. e4 h6 6. Bd2 Bxc3 7. Bxc3 Nxe4 8. Rc1 Nxc3 9. Rxc3 Bb7 10. Rg3 Qf6 11. Be2 0-0 12. Bh5 d6 13. Nf3 Qf5 14. Nd2 Nc6 15. Bf3 Rab8 16. Be4 Qf6 17. Nf3 Ne7 18. Bb1 Nf5 19. Qd3 g6 20. Rh3 c5 21. Rg1 Kg7 22. Qd2 1/2-1/2

[Event "Gatwick e2e4 Major-F"]
[Site "Crawley"]
[Date "2012.08.20"]
[Round "4"]
[White "Dyrhaug, Sverre S"]
[Black "Bullock, Lee"]
[Result "1-0"]
[WhiteElo "1518"]
[BlackElo "1420"]
[PlyCount "89"]
[EventDate "2012.08.18"]
[EventType "tourn"]
[EventRounds "9"]
[EventCountry "ENG"]
[SourceTitle "EXT 2014"]
[Source "ChessBase"]
[SourceDate "2013.11.20"]
[SourceVersion "1"]
[SourceVersionDate "2013.11.20"]
[SourceQuality "1"]

1. e4 c5 2. Nf3 d6 3. d4 cxd4 4. Nxd4 Nf6 5. Nc3 a6 6. Be2 e5 7. Nb3 Be7 8. Bg5 Be6 9. Bxf6 Bxf6 10. Nd5 0-0 11. 0-0 Nd7 12. c4 Bg5 13. Nd2 Nc5 14. b4 Bxd2 15. bxc5 Bxd5 16. cxd5 Bb4 17. cxd6 Qxd6 18. Bg4 g6 19. Qc2 f5 20. exf5 Rac8 21. Qe4 Rf6 22. fxg6 Rf4 23. gxh7+ Kh8 24. Qxf4 exf4 25. Bxc8 f3 26. Rab1 Qg6 27. g3 a5 28. Rb3 Qh5 29. a3 Qxd5 30. Rfb1 Be1 31. Bxb7 Qd2 32. Rxf3 Qe2 33. Rf7 a4 34. Be4 Bxf2+ 35. Rxf2 Qxe4 36. Rb4 Qe1+ 37. Kg2 Qe8 38. Rh4 Qc6+ 39. Kh3 Qe6+ 40. Rg4 Kxh7 41. Rff4 Qd7 42. Rxa4 Qf7 43. Rh4+ Kg8 44. Rag4+ Kf8 45. Rf4 1-0

[Event "Politiken Cup 34th"]
[Site "Helsingor"]
[Date "2012.08.03"]
[Round "8"]
[White "Andersen, Daniel"]
[Black "Dyrhaug, Sverre S"]
[Result "1-0"]
[WhiteElo "1870"]
[BlackElo "1551"]
[PlyCount "39"]
[EventDate "2012.07.28"]
[EventType "swiss"]
[EventRounds "10"]
[EventCountry "DEN"]
[SourceTitle "CBM 149 Extra"]
[Source "ChessBase"]
[SourceDate "2012.08.24"]
[SourceVersion "1"]
[SourceVersionDate "2012.08.24"]
[SourceQuality "1"]

1. c4 e6 2. g3 Nf6 3. Bg2 Be7 4. e4 d5 5. cxd5 exd5 6. e5 Ng8 7. Qb3 c6 8. Nf3 Qc7 9. 0-0 Be6 10. d4 f6 11. exf6 Nxf6 12. Bf4 Qb6 13. Qe3 Ne4 14. Nbd2 Bf5 15. Nxe4 Bxe4 16. Ng5 Bf5 17. Rfe1 Qd8 18. Qe5 Kf8 19. Qxf5+ Bf6 20. Ne6+ 1-0

[Event "Politiken Cup 33rd"]
[Site "Helsingor"]
[Date "2011.08.04"]
[Round "7"]
[White "Seirup, Simon"]
[Black "Dyrhaug, Sverre S"]
[Result "1-0"]
[WhiteElo "1694"]
[BlackElo "1019"]
[PlyCount "61"]
[EventDate "2011.07.30"]
[EventType "swiss"]
[EventRounds "10"]
[EventCountry "DEN"]
[SourceTitle "CBM 143 Extra"]
[Source "ChessBase"]
[SourceDate "2011.08.29"]
[SourceVersion "1"]
[SourceVersionDate "2011.08.29"]
[SourceQuality "1"]

1. d4 Nf6 2. c4 e6 3. Nc3 d5 4. cxd5 exd5 5. Bg5 Nbd7 6. e3 h6 7. Bh4 c6 8. Bd3 Be7 9. Nge2 0-0 10. 0-0 b6 11. Qa4 Bb7 12. b4 a5 13. b5 c5 14. Rac1 Rc8 15. Bb1 cxd4 16. exd4 Rc4 17. Qd1 Ba3 18. Rc2 Bb4 19. Qd3 Qc8 20. a3 Bxc3 21. Nxc3 Qd8 22. Ba2 Rc7 23. Bxd5 Bxd5 24. Nxd5 Ne5 25. Nxf6+ gxf6 26. Qg3+ Kh7 27. Rxc7 Qxc7 28. Bxf6 Rg8 29. Qxe5 Qb7 30. d5 Rg6 31. h4 1-0

[Event "Bergen Grand Prix"]
[Site "Bergen"]
[Date "2010.11.27"]
[Round "2"]
[White "Bratteteig, Tore Inge"]
[Black "Dyrhaug, Sverre S"]
[Result "1/2-1/2"]
[WhiteElo "1425"]
[BlackElo "903"]
[PlyCount "93"]
[EventDate "2010.11.26"]
[EventType "swiss"]
[EventRounds "5"]
[EventCountry "NOR"]
[SourceTitle "EXT 2024"]
[Source "ChessBase"]
[SourceDate "2023.10.10"]
[SourceVersion "1"]
[SourceVersionDate "2023.10.10"]
[SourceQuality "1"]

1. d4 Nf6 2. c4 e6 3. Nf3 Bb4+ 4. Bd2 Qe7 5. a3 Bxd2+ 6. Nbxd2 b6 7. g3 Bb7 8. Bg2 c5 9. 0-0 0-0 10. e3 d5 11. cxd5 exd5 12. b3 Nbd7 13. Qb1 Rac8 14. Rc1 Ba6 15. Bf1 Bxf1 16. Kxf1 Rc6 17. dxc5 bxc5 18. Qb2 Qe6 19. Kg2 Ne4 20. b4 g5 21. bxc5 Qf5 22. Nxe4 Qxe4 23. Qd4 g4 24. Qxe4 dxe4 25. Nd4 Rxc5 26. Rxc5 Nxc5 27. Rc1 Nd3 28. Rc7 Ra8 29. Re7 Nc5 30. Rc7 Nd3 31. Kf1 Rb8 32. Rc2 Rb1+ 33. Ke2 Rh1 34. a4 Rxh2 35. Kf1 Rh1+ 36. Kg2 Rc1 37. Rxc1 Nxc1 38. Kf1 Nd3 39. a5 Kf8 40. Nb5 a6 41. Nc7 Nb4 42. Na8 Ke8 43. Nb6 Kd8 44. Nc4 f6 45. Nd6 f5 46. Nxf5 Kd7 47. Nh6 1/2-1/2